Seis países más cercanos: España - Estadísticas

Estadísticas generales
  • Esta prueba ha sido intentada 93 veces
  • La puntuación promedio es 4 de 6
Estadísticas de respuestas
km país % Correcto
0 Francia
95%
0 Portugal
92%
0 Andorra
91%
0 Marruecos
86%
68 Argelia
32%
314 Mauritania
4%
No se encontraron pruebas coincidentes
Distribución de puntuación
Porcentaje de gente con cada puntuación
Porcentaje por número respondido
Historial de tus puntuaciones
No has intentado esta prueba.